<?xml version="1.0" encoding="UTF-8"?>
<record
    xmlns:xsi="http://www.w3.org/2001/XMLSchema-instance"
    xsi:schemaLocation="http://www.loc.gov/MARC21/slim http://www.loc.gov/standards/marcxml/schema/MARC21slim.xsd"
    xmlns="http://www.loc.gov/MARC21/slim">

  <leader>03108pam a2200385 i 4500</leader>
  <controlfield tag="001">26932285</controlfield>
  <controlfield tag="003">OCoLC</controlfield>
  <controlfield tag="005">20221116100425.0</controlfield>
  <controlfield tag="008">921015s1992    miu      b    010 0 eng  </controlfield>
  <datafield tag="010" ind1=" " ind2=" ">
    <subfield code="a">92039052</subfield>
  </datafield>
  <datafield tag="020" ind1=" " ind2=" ">
    <subfield code="a">0802806384</subfield>
  </datafield>
  <datafield tag="035" ind1=" " ind2=" ">
    <subfield code="a">tcgc110938</subfield>
  </datafield>
  <datafield tag="040" ind1=" " ind2=" ">
    <subfield code="a">DLC</subfield>
    <subfield code="b">eng</subfield>
    <subfield code="e">rda</subfield>
    <subfield code="c">DLC</subfield>
    <subfield code="d">GHS</subfield>
    <subfield code="d">OCL</subfield>
    <subfield code="d">MAL</subfield>
  </datafield>
  <datafield tag="050" ind1="0" ind2="0">
    <subfield code="b">P558P</subfield>
  </datafield>
  <datafield tag="082" ind1="0" ind2="0">
    <subfield code="a">266/.001</subfield>
    <subfield code="2">20</subfield>
    <subfield code="b">P558P</subfield>
  </datafield>
  <datafield tag="092" ind1=" " ind2=" ">
    <subfield code="a">266.001</subfield>
    <subfield code="b">P558P</subfield>
  </datafield>
  <datafield tag="245" ind1="0" ind2="0">
    <subfield code="a">Toward the twenty-first century in Christian mission :</subfield>
    <subfield code="b">essays in honor of Gerald H. Anderson, director, Overseas Ministries Study Center, New Haven, Connecticut, editor, International bulletin of missionary research /</subfield>
    <subfield code="c">edited by James M. Phillips and Robert T. Coote.</subfield>
  </datafield>
  <datafield tag="263" ind1=" " ind2=" ">
    <subfield code="a">9301</subfield>
  </datafield>
  <datafield tag="264" ind1=" " ind2="1">
    <subfield code="a">Grand Rapids, Mich. :</subfield>
    <subfield code="b">Eerdmans,</subfield>
    <subfield code="c">[1992]</subfield>
  </datafield>
  <datafield tag="264" ind1=" " ind2="4">
    <subfield code="c">&#xA9;1992</subfield>
  </datafield>
  <datafield tag="300" ind1=" " ind2=" ">
    <subfield code="a">x, 400 pages ;</subfield>
    <subfield code="c">23 cm</subfield>
  </datafield>
  <datafield tag="336" ind1=" " ind2=" ">
    <subfield code="a">text</subfield>
    <subfield code="b">txt</subfield>
    <subfield code="2">rdacontent</subfield>
  </datafield>
  <datafield tag="337" ind1=" " ind2=" ">
    <subfield code="a">unmediated</subfield>
    <subfield code="b">n</subfield>
    <subfield code="2">rdamedia</subfield>
  </datafield>
  <datafield tag="338" ind1=" " ind2=" ">
    <subfield code="a">volume</subfield>
    <subfield code="b">nc</subfield>
    <subfield code="2">rdacarrier</subfield>
  </datafield>
  <datafield tag="504" ind1=" " ind2=" ">
    <subfield code="a">Includes bibliographical references.</subfield>
  </datafield>
  <datafield tag="505" ind1="0" ind2=" ">
    <subfield code="a">Evangelical missions / Arthur F. Glasser -- Conciliar missions / Eugene L. Stockwell -- Roman Catholic missions / Mary Motte -- Pentecostal and charismatic missions / Gary B. McGee -- Southern Asia / Saphir P. Athyal -- Commonwealth of Independent States (CIS) / J. Martin Bailey -- Africa / Lamin Sanneh -- North America / Keith R. Crim -- Oceania / Darrell L. Whiteman -- Latin America / Samuel Escobar -- Northeast Asia / Yoshinobu Kumazawa -- Europe / Peter Kuzmic -- Middle East / Norman A. Horner -- Reflections on Biblical models of mission / David J. Bosch -- Mission theology / James A. Scherer -- Spiritual formation for mission / Barbara Hendricks and Thomas E. Clarke -- Mission strategies / Wilbert R. Shenk -- Contextualization in mission / Donald R. Jacobs -- Forming indigenous theologies / Tite Ti&#xE9;nou -- Popular religions / Paul G. Hiebert -- The teaching of missions / Alan Neely -- Women in mission / Ruth A. Tucker -- Mission and the problem of affluence / Jonathan J. Bonk -- Mission and social justice : an American dilemma / William E. Pannell -- Urban mission / Harvie M. Conn -- Christian dialogues with other faiths / Charles W. Forman -- Christian-Muslim relations / David A. Kerr -- Church-state relations and mission / Norman E. Thomas -- Gerald H. Anderson : a career dedicated to mission / Robert T. Coote -- A select bibliography of the works of Gerald H. Anderson from 1958 to 1993..</subfield>
  </datafield>
  <datafield tag="650" ind1=" " ind2="0">
    <subfield code="a">Missions</subfield>
    <subfield code="x">Theory.</subfield>
    <subfield code="0">https://id.loc.gov/authorities/subjects/sh85086053</subfield>
  </datafield>
  <datafield tag="650" ind1=" " ind2="0">
    <subfield code="a">Missions</subfield>
    <subfield code="x">History</subfield>
    <subfield code="0">https://id.loc.gov/authorities/subjects/sh85086042</subfield>
    <subfield code="y">20th century.</subfield>
    <subfield code="0">https://id.loc.gov/authorities/subjects/sh2002012476</subfield>
  </datafield>
  <datafield tag="655" ind1=" " ind2="7">
    <subfield code="a">Festschriften.</subfield>
    <subfield code="2">lcgft</subfield>
    <subfield code="0">https://id.loc.gov/authorities/genreForms/gf2016026082</subfield>
  </datafield>
  <datafield tag="700" ind1="1" ind2=" ">
    <subfield code="a">Anderson, Gerald H.</subfield>
    <subfield code="0">https://id.loc.gov/authorities/names/n50021903</subfield>
  </datafield>
  <datafield tag="700" ind1="1" ind2=" ">
    <subfield code="a">Phillips, James M.,</subfield>
    <subfield code="d">1929-</subfield>
    <subfield code="0">https://id.loc.gov/authorities/names/n80129600</subfield>
  </datafield>
  <datafield tag="700" ind1="1" ind2=" ">
    <subfield code="a">Coote, Robert T.,</subfield>
    <subfield code="d">1932-</subfield>
    <subfield code="0">https://id.loc.gov/authorities/names/n79060902</subfield>
  </datafield>
  <datafield tag="740" ind1="0" ind2=" ">
    <subfield code="a">Toward the 21st century in Christian mission.</subfield>
  </datafield>
  <datafield tag="942" ind1=" " ind2=" ">
    <subfield code="2">ddc</subfield>
    <subfield code="c">BK</subfield>
  </datafield>
  <datafield tag="999" ind1=" " ind2=" ">
    <subfield code="c">10980</subfield>
    <subfield code="d">10980</subfield>
  </datafield>
  <datafield tag="952" ind1=" " ind2=" ">
    <subfield code="0">0</subfield>
    <subfield code="1">0</subfield>
    <subfield code="2">ddc</subfield>
    <subfield code="4">0</subfield>
    <subfield code="7">0</subfield>
    <subfield code="8">NFIC</subfield>
    <subfield code="a">HMC</subfield>
    <subfield code="b">HMC</subfield>
    <subfield code="c">GEN</subfield>
    <subfield code="d">2022-11-29</subfield>
    <subfield code="o">266.01 P558P</subfield>
    <subfield code="p">012853</subfield>
    <subfield code="r">2022-11-29 00:00:00</subfield>
    <subfield code="w">2022-11-29</subfield>
    <subfield code="y">BK</subfield>
  </datafield>
</record>
